000
00341nam a22001457a 4500
008
230516b ||||| |||| 00| 0 eng d
020
_a
9781587656446
041
_a
eng
080
_2
VOLUME 1,2,3,4
_a
101
082
_a
101ALL
100
_a
44
101
_a
ENCI
245
_a
ENCYCLOPEDIA OF GLOBAL RESOURCES
_c
ALLIN.W.C
942
_2
udc
_c
BK
999
_c
59744
_d
59744